Stati senza sbocco sul mare - Statistics

Statistiche generali
  • Questo quiz è stato fatto 120 volte
  • Il punteggio medio è 39 su 44
Statistiche sulle risposte
NAZIONI % Corretto
Svizzera
98%
Andorra
97%
Bolivia
97%
Cechia/Repubblica Ceca
95%
Kazakistan
95%
Liechtenstein
95%
Lussemburgo
95%
Slovacchia
95%
Ungheria
94%
Vaticano/Città
94%
Austria
93%
Mongolia
93%
Paraguay
93%
San Marino
93%
Tagikistan
93%
Serbia
92%
Turkmenistan
92%
Uzbekistan
92%
Ciad
91%
Lesotho
91%
Nepal
91%
Burundi
90%
Mali
90%
Sud Sudan/Sudan del Sud
90%
Botswana
89%
Laos
89%
Macedonia
89%
Niger
89%
Uganda
89%
Zambia
89%
Afghanistan
88%
Kirghizistan
88%
Ruanda
88%
Zimbabwe
88%
Bhutan
86%
Bielorussia
86%
Burkina Faso
86%
Eswatini/Swaziland
84%
Repubblica Centrafricana
84%
Moldavia
81%
Armenia
80%
Malawi
79%
Etiopia
72%
Azerbaigian
51%
Nessun quiz corrispondente trovato
Distribuzione punteggi
Percentuale di utenti per punteggio
Percentile per numero di risposta
I tuoi punteggi nel tempo
Non hai fatto questo quiz